000 00714nam a22001937a 4500
999 _c182326
_d182326
005 20211109142518.0
010 _aUR-11314
020 _c230.00
_a9789390789573
035 _aU-9869
037 _bDBAD/PUB
082 _a843.08
100 _aسيد سہيل ا حمد ہا شمی
245 _aمنٹو کے منتخب ا فسا نو ں کا تجز يہ
_cسيد سہيل ا حمد ہا شمی
246 _aManto Ke Muntakabh Afsanown Ka Tajazia (Urdu)
_bby Syed Sohail Ahmed Hashmi
260 _aN.Delhi
_c2021 ء
_bEducational Publishing House
270 _aD1/16,Ansari Road,Darya Ganj,
_bNew Delhi
_e110002
_l -
300 _a188 ص
_c22 Cm(Hb)
942 _2ddc
_cUR
_h843.08
_mہ ا ش